Level 4 (Do Not Travel) Countries for New Zealanders - Statistics

General Stats
  • This quiz has been taken 54 times
  • The average score is 16 of 19
Answers on the Map
Answers color-coded by a green-red scale on the quiz's map according to % correct below.
 
Answer Stats
Answer % Correct
Niger
96%
Afghanistan
91%
Iran
91%
Iraq
89%
Mali
89%
North Korea
89%
Russia
89%
Syria
89%
Somalia
87%
Yemen
87%
Libya
83%
Ukraine
83%
Central African Republic
81%
South Sudan
81%
Venezuela
81%
Myanmar
72%
Belarus
70%
Burkina Faso
68%
Haiti
62%
No matching quizzes found
Score Distribution
Percent of People with Each Score
Percentile by Number Answered
Your Score History
You have not taken this quiz